Sociální doktrína v současné švédské optice

Sociálna politika vo Švédsku. Korene švédskej sociálnej doktríny. Platný systém sociálneho zabezpečenia. Program reformy sociálneho zabezpečenia.

Salvato in:
Dettagli Bibliografici
Autore principale: Tomeš, Igor
Natura: Capitolo di libro
Lingua:ceco
Soggetti:
Tags: Aggiungi Tag
Nessun Tag, puoi essere il primo ad aggiungerne!!

MARC

LEADER 00000naa a2200000 4500
001 r033590
005 20230913070756.3
041 0 |a cze 
044 |a CZ 
245 1 0 |a Sociální doktrína v současné švédské optice  |c Igor Tomeš 
520 |a Sociálna politika vo Švédsku. Korene švédskej sociálnej doktríny. Platný systém sociálneho zabezpečenia. Program reformy sociálneho zabezpečenia. 
610 2 0 |a politika sociálna 
610 2 0 |a Švédsko 
610 2 0 |a zabezpečenie sociálne 
610 2 0 |a reformy sociálne 
610 2 0 |a poistenie nemocenské 
610 2 0 |a zabezpečenie dôchodkové 
610 2 0 |a poistenie dôchodkové 
100 1 |a Tomeš, Igor